Elementos de economía política moderna (Registro nro. 5652)
[ vista simple ]
| 000 -LEADER | |
|---|---|
| fixed length control field | 01935 a2200229 4500 |
| 001 - CONTROL NUMBER | |
| control field | 54577 |
| 005 - DATE AND TIME OF LATEST TRANSACTION | |
| control field | 20260407155819.0 |
| 008 - FIXED-LENGTH DATA ELEMENTS--GENERAL INFORMATION | |
| fixed length control field | 260407a1976 arg spa d |
| 003 - CONTROL NUMBER IDENTIFIER | |
| control field | AR-UNSa-BCEJYS |
| 040 ## - CATALOGING SOURCE | |
| Original cataloging agency | AR-UNSa-BCEJYS |
| Language of cataloging | spa |
| Transcribing agency | AR-UNSa-BCEJYS |
| 080 ## - UNIVERSAL DECIMAL CLASSIFICATION NUMBER | |
| Universal Decimal Classification number | 330.101 |
| Common auxiliary subdivision | Ciencia económica en general. La economía y sus problemas. Objeto y métodos de la economía política |
| 041 ## - LANGUAGE CODE | |
| Language code of text/sound track or separate title | spa |
| 100 1# - MAIN ENTRY--PERSONAL NAME | |
| Personal name | Argentato, Nicolás |
| 245 10 - TITLE STATEMENT | |
| Title | Elementos de economía política moderna |
| 250 ## - EDITION STATEMENT | |
| Edition statement | 2a. ed. |
| 264 #1 - PRODUCTION, PUBLICATION, DISTRIBUTION, MANUFACTURE, AND COPYRIGHT NOTICE | |
| Place of production, publication, distribution, manufacture | Buenos Aires : |
| Name of producer, publisher, distributor, manufacturer | El Coloquio |
| Date of production, publication, distribution, manufacture, or copyright notice | 1976 |
| 300 ## - PHYSICAL DESCRIPTION | |
| Extent | 251 p. |
| Dimensions | 21 cm. |
| 505 ## - FORMATTED CONTENTS NOTE | |
| Formatted contents note | 1. Breve idea acerca del campo que abarca la economía - 2. Los elementos importantes de la economía - 3. Ética y economía - 4. Noción de bienes y servicios económicos - 5. Noción de variables y parámetros - 6. Distintas clases de variables económicas - 7. Noción de equlibrio económico - 8. Dos hipótesis distintas para el equilibrio - 9. Noción de estática y de dinámica - 10. Las unidades económicas en el universo económico - 11. Teoría y universo económico - 12. Noción de precios relativos - 13. Competencia y universo teórico - 14. El papel del dinero en el universo teórico - 15. Teoría cuantitativa del dinero y universo teórico - 16. Mercado de bienes y de factores - 17. Rendimientos decrecientes - 18. Costos crecientes - 19. Teoría y eficiencia - 20. Precios de factores - 21. Teoría y comercio internacional - 22. Crítica a la teoría del comercio internacional - 23. Teoría y demanda - 24. Precio de equilibrio - 25. Universo teórico y equilibrio general - 26. Nociones de microanálisis y macroanálisis - 27. La aproximación estructural - 28. Noción de desarrollo y crecimiento económico - 29. Universo económico concreto - 30. Una definición - 31. Teoría del valor |
| 590 ## - LOCAL NOTE (RLIN) | |
| Local note | niveau_biblio:m niveau_hierar:0 |
| 700 1# - ADDED ENTRY--PERSONAL NAME | |
| Personal name | Asociación de Economistas Argentinos |
| 942 ## - ADDED ENTRY ELEMENTS (KOHA) | |
| Koha item type | |
| Withdrawn status | Lost status | Damaged status | Not for loan | Home library | Current library | Shelving location | Date acquired | Total checkouts | Full call number | Barcode | Date last seen | Price effective from | Koha item type |
|---|---|---|---|---|---|---|---|---|---|---|---|---|---|
| Biblioteca Prof. Eusebio Cleto del Rey | Biblioteca Prof. Eusebio Cleto del Rey | 07/04/2026 | 330.101 A688 | L53212 | 07/04/2026 | 07/04/2026 | Libro |